[Event "OLNN 1718 Lübecker SV - Preetzer TSV"]
[Site "?"]
[Date "2017.10.08"]
[Round "1.1"]
[White "Pedersen, Steffen"]
[Black "Kreuzholz, Michael"]
[Result "1/2-1/2"]
[WhiteElo "2368"]
[BlackElo "2352"]
[PlyCount "32"]
[EventDate "2017.??.??"]

1. d4 Nf6 2. c4 g6 3. f3 Bg7 4. e4 d6 5. Ne2 O-O 6. Nec3 e5 7. d5 Nh5 8. Be3 f5
9. Nd2 Nd7 10. Qc2 Ndf6 11. O-O-O b6 12. Kb1 Qe7 13. Bd3 Nf4 14. Bf1 Bd7 15. g3
N4h5 16. Be2 a6 1/2-1/2

[Event "OLNN 1718 Lübecker SV - Preetzer TSV"]
[Site "?"]
[Date "2017.10.08"]
[Round "1.2"]
[White "Kololli, Martin"]
[Black "Schwarz, Frank"]
[Result "1/2-1/2"]
[WhiteElo "2299"]
[BlackElo "2234"]
[PlyCount "49"]
[EventDate "2017.??.??"]

1. e4 e6 2. d4 d5 3. Nd2 Nf6 4. Bd3 c5 5. c3 Nc6 6. Ngf3 cxd4 7. cxd4 dxe4 8.
Nxe4 Be7 9. Nc3 O-O 10. a3 b6 11. O-O Bb7 12. Bc2 Rc8 13. Qd3 Rc7 14. Bg5 g6
15. Bh6 Re8 16. Rad1 Rd7 17. Ba4 Qa8 18. Qe2 Red8 19. Be3 Nd5 20. Ne4 a6 21.
Bg5 Bxg5 22. Nfxg5 h6 23. Nf3 Kg7 24. Bxc6 Bxc6 25. Rfe1 1/2-1/2

[Event "OLNN 1718 Lübecker SV - Preetzer TSV"]
[Site "?"]
[Date "2017.10.08"]
[Round "1.3"]
[White "Schwarzat, Julian"]
[Black "Schmidt, Harald"]
[Result "0-1"]
[WhiteElo "2085"]
[BlackElo "2357"]
[PlyCount "66"]
[EventDate "2017.??.??"]

1. e4 c6 2. d4 d5 3. exd5 cxd5 4. Bd3 Nc6 5. c3 Nf6 6. Bf4 e6 7. Nf3 Bd6 8.
Bxd6 Qxd6 9. O-O O-O 10. Nbd2 Bd7 11. Qe2 Rfc8 12. Ne5 Ne7 13. Rae1 Rab8 14. f4
b5 15. g4 Be8 16. Rf3 b4 17. g5 bxc3 18. bxc3 Nh5 19. Bxh7+ Kxh7 20. Rh3 g6 21.
Rxh5+ Kg7 22. Rh3 Rb2 23. Qg4 Nf5 24. Nf1 Qa3 25. c4 Qa5 26. Rd1 Ba4 27. Rc1
dxc4 28. Rxc4 Rxc4 29. Nxc4 Qd5 30. Nxb2 Qxd4+ 31. Kg2 Bc6+ 32. Rf3 Qxb2+ 33.
Kh3 Qe2 0-1

[Event "OLNN 1718 Lübecker SV - Preetzer TSV"]
[Site "?"]
[Date "2017.10.08"]
[Round "1.4"]
[White "Christ, Ralf"]
[Black "Willsch, Matthias"]
[Result "1/2-1/2"]
[WhiteElo "2271"]
[BlackElo "2269"]
[PlyCount "25"]
[EventDate "2017.??.??"]

1. Nf3 d5 2. d4 e6 3. c4 Nf6 4. Nc3 dxc4 5. e3 a6 6. a4 c5 7. Bxc4 Nc6 8. O-O
Be7 9. Qe2 cxd4 10. Rd1 e5 11. exd4 exd4 12. Nxd4 Nxd4 13. Qe3 1/2-1/2

[Event "OLNN 1718 Lübecker SV - Preetzer TSV"]
[Site "?"]
[Date "2017.10.08"]
[Round "1.5"]
[White "Schuette, Andreas"]
[Black "Lampe, Dirk"]
[Result "0-1"]
[WhiteElo "2161"]
[BlackElo "2207"]
[PlyCount "104"]
[EventDate "2017.??.??"]

1. d4 Nf6 2. Bg5 Ne4 3. Bf4 c5 4. f3 Nf6 5. dxc5 Qa5+ 6. Nc3 Qxc5 7. e4 d6 8.
Qd2 a6 9. O-O-O e5 10. Be3 Qc7 11. g4 h6 12. Nge2 Be6 13. Ng3 g6 14. h4 Nbd7
15. Rh2 Nb6 16. g5 hxg5 17. hxg5 Rxh2 18. Qxh2 Nfd7 19. Nd5 Qc6 20. Qd2 Rc8 21.
Kb1 Nc4 22. Bxc4 Qxc4 23. b3 Qc6 24. c4 b5 25. cxb5 Qxb5 26. Qd3 Qxd3+ 27. Rxd3
Nc5 28. Nf6+ Kd8 29. Bxc5 Rxc5 30. Kb2 Be7 31. Ne2 Bxf6 32. gxf6 Kc7 33. Nc3
Rc6 34. Rd2 Kd7 35. Rh2 Rc8 36. Rh7 Kc6 37. Nd5 Bxd5 38. exd5+ Kxd5 39. Rxf7
Ke6 40. Ra7 Rf8 41. Rxa6 Rxf6 42. b4 Rxf3 43. b5 g5 44. b6 Rf8 45. Ra4 Kd5 46.
Rb4 Kc5 47. Rb3 Rb8 48. Kc2 Rxb6 49. Rg3 Ra6 50. Kb3 Kd4 51. Rxg5 e4 52. Rg6
Kd3 0-1

[Event "OLNN 1718 Lübecker SV - Preetzer TSV"]
[Site "?"]
[Date "2017.10.08"]
[Round "1.6"]
[White "Svane, Frederik"]
[Black "Hamann, Carsten"]
[Result "1-0"]
[WhiteElo "2189"]
[BlackElo "2110"]
[PlyCount "107"]
[EventDate "2017.??.??"]

1. e4 e6 2. d4 d5 3. Nd2 Be7 4. Bd3 c5 5. dxc5 Nf6 6. Ngf3 dxe4 7. Nxe4 Nxe4 8.
Bxe4 Qxd1+ 9. Kxd1 Bxc5 10. Ke2 Nd7 11. Bf4 Nf6 12. Nd2 O-O 13. Bf3 e5 14. Bg5
Bf5 15. Bxf6 gxf6 16. Be4 Bg6 17. f3 f5 18. Bxb7 Rab8 19. Bd5 Rfd8 20. Bb3 e4
21. Rhe1 Bh5 22. Rad1 Rd6 23. c3 Rbd8 24. Nc4 Rxd1 25. Bxd1 f4 26. Kf1 Kf8 27.
Be2 exf3 28. Bxf3 Bg6 29. Rd1 Rxd1+ 30. Bxd1 Bd3+ 31. Be2 Bxc4 32. Bxc4 Ke7 33.
Ke2 Bg1 34. h3 Kf6 35. Bd5 Be3 36. Kd3 Ke5 37. Bxf7 Bc1 38. b4 Ba3 39. Kc4 Bb2
40. a4 Bc1 41. a5 Bd2 42. Kb3 Kd6 43. c4 Be1 44. Bd5 h6 45. Bf3 Bd2 46. c5+ Kc7
47. a6 Be1 48. Kc4 Bd2 49. b5 Be1 50. b6+ Kb8 51. Kd5 Ba5 52. Ke6 axb6 53. c6
b5 54. Kd7 1-0

[Event "OLNN 1718 Lübecker SV - Preetzer TSV"]
[Site "?"]
[Date "2017.10.08"]
[Round "1.7"]
[White "Kornrumpf, Joachim"]
[Black "Poghosyan, Tigran"]
[Result "0-1"]
[WhiteElo "2082"]
[BlackElo "2156"]
[PlyCount "66"]
[EventDate "2017.??.??"]

1. b3 e5 2. Bb2 Nc6 3. e3 Nf6 4. c4 Be7 5. d3 d5 6. cxd5 Nxd5 7. a3 a5 8. Nf3
f6 9. Be2 Be6 10. Qc2 Nb6 11. Nbd2 Qd5 12. Rc1 Bf7 13. O-O O-O 14. Rfd1 Rfe8
15. Nc4 Nd7 16. e4 Qe6 17. d4 exd4 18. Nxd4 Nxd4 19. Bxd4 Bf8 20. Bb2 Nc5 21.
Nd2 c6 22. f3 b5 23. b4 axb4 24. axb4 Na4 25. Bd4 Rec8 26. Rb1 c5 27. bxc5 Bxc5
28. Bxc5 Rxc5 29. Qd3 Nc3 30. Rdc1 Qb6 31. Kh1 Nxb1 32. Rxb1 Rd8 33. Rxb5 Rxb5
0-1

[Event "OLNN 1718 Lübecker SV - Preetzer TSV"]
[Site "?"]
[Date "2017.10.08"]
[Round "?"]
[White "Ehrke, Michael"]
[Black "Dittmann, Hans-Adolf"]
[Result "1-0"]
[WhiteElo "2176"]
[BlackElo "2084"]
[PlyCount "109"]

1. d4 Nf6 2. Bf4 b6 3. e3 Bb7 4. Nf3 g6 5. h3 Bg7 6. Be2 O-O 7. O-O c5 8. c3 d6
9. a4 Nbd7 10. a5 bxa5 11. Qa4 Rb8 12. Nbd2 e5 13. Bh2 cxd4 14. cxd4 Bxf3 15.
Bxf3 Rxb2 16. Rfd1 exd4 17. exd4 Nb6 18. Qxa5 d5 19. Qc3 Rxd2 20. Qxd2 Nc4 21.
Qb4 a5 22. Qc5 a4 23. Be5 Nb2 24. Rdb1 Nd7 25. Qb5 Nxe5 26. dxe5 Nc4 27. Bxd5
Nxe5 28. Rxa4 g5 29. Ra8 Qf6 30. Rxf8+ Bxf8 31. Qe2 Kg7 32. Be4 Bd6 33. g3 Ng6
34. Qf3 Qxf3 35. Bxf3 Be7 36. Rb7 Kf6 37. Be4 Nf8 38. Rb6+ Kg7 39. Bf5 h5 40.
Kg2 Bf6 41. Kf3 Bd4 42. Rc6 Bf6 43. Ke4 Ng6 44. Bxg6 Kxg6 45. g4 hxg4 46. hxg4
Kg7 47. Kf5 Bd4 48. f3 Be3 49. Rc4 Bd2 50. Rd4 Be3 51. Rd1 Bf4 52. Rh1 Be3 53.
Rh5 f6 54. Rh1 Bd4 55. Rd1 1-0

[Event "OLNN 1718 Hamburger SK - SC Diogenes"]
[Site "?"]
[Date "2017.10.08"]
[Round "1.1"]
[White "Schulenburg, Fabian"]
[Black "Gaede, Derek"]
[Result "1/2-1/2"]
[WhiteElo "2242"]
[BlackElo "2325"]
[PlyCount "102"]
[EventDate "2017.??.??"]

1. e4 e6 2. d4 d5 3. e5 c5 4. c3 Nc6 5. Nf3 Bd7 6. Be2 Nge7 7. O-O cxd4 8. cxd4
Nf5 9. Nc3 Rc8 10. Be3 Na5 11. Bd3 Nxe3 12. fxe3 Nc4 13. Qe2 Bb4 14. Rac1 O-O
15. a3 Bxc3 16. Rxc3 b5 17. h4 f5 18. exf6 gxf6 19. Nh2 Qe7 20. Bxc4 bxc4 21.
Qf3 Be8 22. Qf4 Bg6 23. Ng4 Kg7 24. h5 Bf5 25. Nf2 Kh8 26. g4 Rg8 27. Kh2 Bd3
28. Nxd3 cxd3 29. Rxd3 Rc2+ 30. Kh3 f5 31. Qe5+ Qg7 32. gxf5 Qxe5 33. dxe5 Rcg2
34. Rf3 R2g5 35. Rd4 exf5 36. Rdf4 Rxh5+ 37. Rh4 Rhg5 38. Rhf4 R8g6 39. b4 Rh5+
40. Rh4 Rhg5 41. Rf2 Rg3+ 42. Kh2 Rxe3 43. Rxf5 Re2+ 44. Kh3 Re3+ 45. Kh2 Rxa3
46. Rf7 h6 47. Rd4 Ra2+ 48. Kh3 Ra1 49. Kh2 Ra2+ 50. Kh3 Ra3+ 51. Kh2 Ra2+
1/2-1/2

[Event "OLNN 1718 Hamburger SK - SC Diogenes"]
[Site "?"]
[Date "2017.10.08"]
[Round "1.2"]
[White "Bente, Bjoern"]
[Black "Korba, Roman"]
[Result "1/2-1/2"]
[WhiteElo "2272"]
[BlackElo "2174"]
[PlyCount "126"]
[EventDate "2017.??.??"]

1. c4 e6 2. Nf3 d5 3. g3 Nf6 4. Bg2 dxc4 5. O-O Nbd7 6. Qa4 a6 7. Qxc4 c5 8.
Qc2 b5 9. a4 Bb7 10. axb5 axb5 11. Rxa8 Qxa8 12. Na3 Bc6 13. d3 Be7 14. Ne1 Nd5
15. Qb1 O-O 16. Nac2 Rc8 17. Bd2 b4 18. Ne3 N7b6 19. Nc4 Nxc4 20. dxc4 Nb6 21.
Bxc6 Qxc6 22. b3 Nd7 23. Bc1 Bf6 24. Bb2 Bxb2 25. Qxb2 Ra8 26. Nd3 Qe4 27. Rd1
h5 28. Nxb4 Rb8 29. Nd3 h4 30. Qc3 Qxe2 31. Re1 Qf3 32. Re3 Qf5 33. Nf4 Nf6 34.
Qd3 Qxd3 35. Rxd3 hxg3 36. hxg3 Kf8 37. f3 Ke7 38. Kf2 g5 39. Ng2 g4 40. Ne3
gxf3 41. Kxf3 Nd7 42. Rc3 Ne5+ 43. Ke4 Nc6 44. Nc2 f5+ 45. Kf4 Na5 46. g4 fxg4
47. Kxg4 Rxb3 48. Rxb3 Nxb3 49. Kf4 Nd2 50. Na3 Kf6 51. Ke3 Nf1+ 52. Kf2 Nh2
53. Kg3 Nf1+ 54. Kf2 Nd2 55. Ke3 Nb3 56. Nb5 Ke5 57. Nc3 Na5 58. Kd3 Kf4 59.
Ne2+ Kg4 60. Nc3 Kf5 61. Ne4 Nb3 62. Nd6+ Kf4 63. Nb7 e5 1/2-1/2

[Event "OLNN 1718 Hamburger SK - SC Diogenes"]
[Site "?"]
[Date "2017.10.08"]
[Round "1.3"]
[White "Schulenburg, Torben"]
[Black "Lindinger, Markus"]
[Result "1-0"]
[WhiteElo "2155"]
[BlackElo "2257"]
[PlyCount "51"]
[EventDate "2017.??.??"]

1. d4 d5 2. c4 e6 3. Nf3 Nf6 4. g3 Bb4+ 5. Bd2 Be7 6. Bg2 O-O 7. O-O Nbd7 8. b3
c6 9. Qc2 Ne4 10. Be3 f5 11. Ne1 Bf6 12. Nd2 e5 13. Ndf3 c5 14. dxe5 Nxe5 15.
cxd5 Nxf3+ 16. exf3 Bxa1 17. fxe4 b6 18. Nd3 fxe4 19. Bxe4 Bf6 20. Nf4 g6 21.
Rd1 Qe8 22. d6 Rb8 23. Nd5 Bb7 24. Bh6 Rf7 25. d7 Qd8 26. Bf4 1-0

[Event "OLNN 1718 Hamburger SK - SC Diogenes"]
[Site "?"]
[Date "2017.10.08"]
[Round "1.4"]
[White "Hinrichs, Lars"]
[Black "Gottuk, Stefan"]
[Result "1/2-1/2"]
[WhiteElo "2215"]
[BlackElo "2197"]
[PlyCount "117"]
[EventDate "2017.??.??"]

1. b3 e5 2. Bb2 d6 3. e3 f5 4. d4 e4 5. c4 Nf6 6. Nc3 g6 7. h4 Bg7 8. Be2 h6 9.
Nh3 Be6 10. Nf4 Bf7 11. g4 h5 12. g5 Ng8 13. f3 exf3 14. Bxf3 c6 15. Qd3 Ne7
16. e4 Qd7 17. O-O-O Na6 18. exf5 Qxf5 19. Qe3 O-O-O 20. Bg2 Qd7 21. Bh3 Nf5
22. Qe4 Nc7 23. Bxf5 gxf5 24. Qf3 d5 25. c5 b6 26. b4 Ne6 27. Nce2 Nxf4 28.
Nxf4 Rde8 29. Kb1 Re4 30. g6 Bh6 31. Nxh5 Bxg6 32. Nf6 Re3 33. Qxe3 Bxe3 34.
Nxd7 f4+ 35. Ka1 Kxd7 36. Bc1 Bc2 37. Bxe3 Bxd1 38. Bxf4 Bf3 39. Rh3 Be2 40.
Ra3 bxc5 41. Rxa7+ Ke6 42. Bg5 Kf5 43. Rf7+ Kg4 44. dxc5 Bb5 45. Kb2 Re8 46.
Kc3 Ra8 47. Kb2 Re8 48. a3 Re4 49. Kb3 Bc4+ 50. Kc3 Bb5 51. Ra7 Rc4+ 52. Kb3
Rd4 53. a4 Bc4+ 54. Kc3 Rd3+ 55. Kc2 Ra3 56. Bd8 d4 57. Rd7 Rc3+ 58. Kd2 Rd3+
59. Kc2 1/2-1/2

[Event "OLNN 1718 Hamburger SK - SC Diogenes"]
[Site "?"]
[Date "2017.10.08"]
[Round "1.5"]
[White "Laqua, Christian"]
[Black "Zieher, Hartmut"]
[Result "1/2-1/2"]
[WhiteElo "2112"]
[BlackElo "2222"]
[PlyCount "108"]
[EventDate "2017.??.??"]

1. c4 Nf6 2. g3 e6 3. Nf3 d5 4. b3 b6 5. Bg2 Bb7 6. O-O Be7 7. Bb2 O-O 8. e3
Nbd7 9. Qe2 c5 10. Rd1 Qc7 11. Nc3 Rac8 12. cxd5 Nxd5 13. Nxd5 Bxd5 14. e4 Bb7
15. d4 Qb8 16. d5 exd5 17. exd5 Bf6 18. Bxf6 Nxf6 19. Nh4 Rfe8 20. Qd2 g6 21.
Nf5 Ne4 22. Bxe4 Rxe4 23. Ne3 Qe5 24. Nc4 Qf6 25. Qc2 Rce8 26. Ne3 Qf3 27. Qd3
Rd4 28. Qf1 Bxd5 29. Nxd5 Qxd5 30. Re1 Rxe1 31. Rxe1 Rd2 32. Re8+ Kg7 33. Re2
Qd4 34. Rxd2 Qxd2 35. Qa6 Qd7 36. h4 h5 37. Qc4 Qb7 38. Qc3+ f6 39. Qe3 a6 40.
Kh2 Qc7 41. Qe6 b5 42. Qxa6 c4 43. bxc4 bxc4 44. Qa4 c3 45. Qc2 Qc4 46. Kg1 Qb4
47. Qd3 Qc5 48. Qc2 Kf7 49. Kf1 Qb5+ 50. Ke1 Qe5+ 51. Kd1 Kg7 52. Qd3 Qc5 53.
Qc2 Qc4 54. Ke1 Qa6 1/2-1/2

[Event "OLNN 1718 Hamburger SK - SC Diogenes"]
[Site "?"]
[Date "2017.10.08"]
[Round "1.6"]
[White "Bach, Matthias"]
[Black "Woelk, Tom-Frederic"]
[Result "1-0"]
[WhiteElo "2268"]
[BlackElo "2058"]
[PlyCount "75"]
[EventDate "2017.??.??"]

1. d4 Nf6 2. c4 g6 3. Nc3 Bg7 4. e4 d6 5. f4 O-O 6. Nf3 c5 7. d5 e6 8. Be2 exd5
9. cxd5 Re8 10. e5 dxe5 11. fxe5 Ng4 12. e6 fxe6 13. Bg5 Bf6 14. Bxf6 Qxf6 15.
Qa4 Bd7 16. Qxg4 exd5 17. Qg5 Qxg5 18. Nxg5 Bc6 19. O-O Nd7 20. Bg4 Nf8 21. Bf3
Re5 22. h4 Nd7 23. Bg4 Rae8 24. Bxd7 Bxd7 25. Nxh7 Kxh7 26. Rf7+ Kh6 27. Rxd7
d4 28. Nd5 Rf8 29. Rf1 Ref5 30. Rxf5 Rxf5 31. g4 Rf8 32. Kg2 g5 33. h5 b5 34.
Ne7 Rf7 35. Nf5+ Rxf5 36. gxf5 Kxh5 37. Kg3 g4 38. Kf4 1-0

[Event "OLNN 1718 Hamburger SK - SC Diogenes"]
[Site "?"]
[Date "2017.10.08"]
[Round "1.7"]
[White "Kilic, Oguz"]
[Black "Schumacher, Norbert"]
[Result "1-0"]
[WhiteElo "2083"]
[BlackElo "2191"]
[PlyCount "63"]
[EventDate "2017.??.??"]

1. e4 c5 2. Nc3 Nc6 3. g3 g6 4. Bg2 Bg7 5. Nh3 e5 6. d3 d6 7. Nd5 Nge7 8. Bg5
h6 9. Bf6 O-O 10. Nxe7+ Nxe7 11. Bxg7 Kxg7 12. O-O Be6 13. f4 Qd7 14. Nf2 Nc6
15. Qd2 f6 16. Nd1 Rae8 17. Ne3 Ne7 18. Rf2 exf4 19. gxf4 d5 20. f5 gxf5 21.
exd5 Bf7 22. c4 Bg6 23. Bh3 Kh7 24. Raf1 Rf7 25. Kh1 Rg8 26. Nxf5 Nxf5 27. Bxf5
Bxf5 28. Rxf5 Rg6 29. Qf2 Qd6 30. Qf4 Qe7 31. Qe4 Qc7 32. Rxf6 1-0

[Event "OLNN 1718 Hamburger SK - SC Diogenes"]
[Site "?"]
[Date "2017.10.08"]
[Round "1.8"]
[White "Pajeken, Jakob Leon"]
[Black "Apitzsch, Leon Fabian"]
[Result "1-0"]
[WhiteElo "2203"]
[BlackElo "1946"]
[PlyCount "55"]
[EventDate "2017.??.??"]

1. e4 e5 2. Nf3 Nc6 3. Bb5 a6 4. Ba4 Nf6 5. d3 Bc5 6. c3 b5 7. Bc2 d6 8. O-O
Bg4 9. h3 Bh5 10. Re1 h6 11. Nbd2 O-O 12. Nf1 Re8 13. g4 Nxg4 14. hxg4 Bxg4 15.
N1h2 Bh5 16. Be3 Qf6 17. Qe2 Rad8 18. b4 Bxe3 19. Qxe3 d5 20. exd5 Rxd5 21. d4
e4 22. Bxe4 Bg6 23. Ne5 Bxe4 24. Qxe4 Qg5+ 25. Kh1 Rd6 26. f4 Qh4 27. Qf3 Rde6
28. Rg1 1-0

[Event "OLNN 1718 SK Marmstorf - Johanneum Eppe"]
[Site "?"]
[Date "2017.10.08"]
[Round "1.1"]
[White "Wedberg, Tom"]
[Black "Hebbinghaus, Holger"]
[Result "1-0"]
[WhiteElo "2455"]
[BlackElo "2259"]
[PlyCount "119"]
[EventDate "2017.??.??"]

1. e4 e6 2. d4 d5 3. Nc3 Nf6 4. Bg5 Bb4 5. e5 h6 6. Bh4 g5 7. Bg3 Ne4 8. Nge2
c5 9. a3 Bxc3+ 10. Nxc3 Nxc3 11. bxc3 Qa5 12. Qd2 cxd4 13. cxd4 Qxd2+ 14. Kxd2
Nc6 15. c3 Bd7 16. h4 O-O-O 17. Bd3 Na5 18. Ke2 Nc4 19. f4 Nb2 20. fxg5 Nxd3
21. Kxd3 Bb5+ 22. Kd2 hxg5 23. h5 Rh7 24. Bf2 g4 25. Bh4 Rg8 26. Bf6 Rh6 27. g3
Bc4 28. Ke3 Kd7 29. Rab1 b6 30. Rb2 Ke8 31. Rd2 Bb5 32. Kf4 Kd7 33. Bg5 Rh7 34.
h6 Rc8 35. Rc1 Rg8 36. Rh2 Rc8 37. Kxg4 Bd3 38. Bf6 Rc4 39. Bg7 Ke8 40. Kf4 Bg6
41. Ke3 Ra4 42. Ra2 Kd7 43. Kf4 Kc6 44. Kg5 b5 45. g4 Rc4 46. Rf2 a5 47. Rf6
Be4 48. Rxf7 b4 49. axb4 axb4 50. Rf2 Rxc3 51. Rxc3+ bxc3 52. Kf6 c2 53. Rf1
Bf3 54. Rc1 Bxg4 55. Rxc2+ Kd7 56. Rf2 Bh5 57. Ra2 Bg4 58. Ra6 Bf5 59. Rd6+ Ke8
60. Rxe6+ 1-0

[Event "OLNN 1718 SK Marmstorf - Johanneum Eppe"]
[Site "?"]
[Date "2017.10.08"]
[Round "1.2"]
[White "Hawellek, Jeronimo"]
[Black "Zart, Ruediger"]
[Result "0-1"]
[WhiteElo "2301"]
[BlackElo "2183"]
[PlyCount "77"]
[EventDate "2017.??.??"]

1. d4 Nf6 2. c4 g6 3. Nc3 Bg7 4. e4 d6 5. Bd3 O-O 6. Nge2 Nbd7 7. O-O a6 8. h3
c5 9. Be3 Qa5 10. Qd2 Rd8 11. a3 cxd4 12. Nxd4 e6 13. Rac1 Qc7 14. b4 b6 15. f4
Qb7 16. Qf2 e5 17. Nde2 exf4 18. Bxf4 Ne5 19. Bb1 h6 20. c5 bxc5 21. bxc5 Be6
22. cxd6 Nfd7 23. Nd4 Bc4 24. Rfd1 Rac8 25. Nf3 Bb3 26. Rf1 Bc4 27. Rfd1 Bb3
28. Rf1 Bc4 29. Rfe1 Bd3 30. Ba2 Bc4 31. Nxe5 Nxe5 32. Nd5 Nd3 33. Qd2 Nxc1 34.
Rxc1 Bxd5 35. Rxc8 Rxc8 36. Bxd5 Qd7 37. Qd3 g5 38. Bg3 Rc3 39. Bxf7+ {(Zeit)}
0-1

[Event "OLNN 1718 SK Marmstorf - Johanneum Eppe"]
[Site "?"]
[Date "2017.10.08"]
[Round "1.3"]
[White "Schroeder, Christoph"]
[Black "Mueller, Tobias"]
[Result "1/2-1/2"]
[WhiteElo "2207"]
[BlackElo "2148"]
[PlyCount "129"]
[EventDate "2017.??.??"]

1. d4 Nf6 2. Nf3 g6 3. c4 Bg7 4. Nc3 O-O 5. Bg5 d6 6. e3 c5 7. d5 e6 8. Be2
exd5 9. cxd5 Re8 10. O-O a6 11. a4 Qc7 12. Nd2 Nbd7 13. Bf4 Ne5 14. Bxe5 Rxe5
15. Nc4 Re7 16. Qb3 Nd7 17. a5 f5 18. Na4 Rb8 19. Rac1 Re8 20. Rc2 Ne5 21. Qb6
Qxb6 22. Ncxb6 Bd7 23. Ra1 Bxa4 24. Rxa4 Rbd8 25. b4 cxb4 26. Rxb4 Re7 27. g3
Kf8 28. h4 Rf7 29. Kg2 Bf6 30. f4 Nd7 31. Nxd7+ Rfxd7 32. Rc1 Re8 33. Kf3 Bd8
34. Ra1 Rc7 35. Rc4 Rxc4 36. Bxc4 Re4 37. Bd3 Rb4 38. h5 Rb3 39. Ke2 Rb2+ 40.
Kf3 Rd2 41. Ra3 Bxa5 42. hxg6 hxg6 43. Bxa6 Bb4 44. Rb3 bxa6 45. Rxb4 Rxd5 46.
Rb7 a5 47. Ra7 Rc5 48. g4 Rb5 49. gxf5 gxf5 50. Kg3 Ke8 51. Kh4 Kd8 52. Kg5 Kc8
53. Kf6 Kb8 54. Ra6 Rd5 55. Rc6 Kb7 56. Rc4 Rc5 57. Rd4 Kc7 58. Ke6 Rc3 59. e4
fxe4 60. Rxe4 Kc6 61. f5 d5 62. Ra4 Re3+ 63. Kf7 Kb5 64. Rd4 Kc5 65. Ra4
1/2-1/2

[Event "OLNN 1718 SK Marmstorf - Johanneum Eppe"]
[Site "?"]
[Date "2017.10.08"]
[Round "1.4"]
[White "Ramme, Christoph"]
[Black "Behrhorst, Frank"]
[Result "1-0"]
[WhiteElo "2164"]
[BlackElo "2255"]
[PlyCount "87"]
[EventDate "2017.??.??"]

1. e4 Nf6 2. e5 Nd5 3. d4 d6 4. Nf3 Bg4 5. Be2 c6 6. O-O Bxf3 7. Bxf3 dxe5 8.
dxe5 e6 9. Nd2 Nd7 10. Re1 Qc7 11. Nc4 N7b6 12. Nd6+ Bxd6 13. exd6 Qxd6 14. b3
Qe7 15. c4 Nf6 16. a4 a5 17. Qd4 c5 18. Qe5 O-O 19. Bb2 Rad8 20. Qc3 Ra8 21.
Rad1 Nc8 22. Qe5 Ra7 23. Rd3 b6 24. Red1 Rc7 25. Qg3 Ra7 26. Be5 Kh8 27. Bc6 h6
28. Qf3 Kg8 29. h3 Rc7 30. Bxc7 Qxc7 31. Bb5 e5 32. Qc6 Qxc6 33. Bxc6 Ne7 34.
Bd7 Rb8 35. Bb5 Nf5 36. Rd8+ Rxd8 37. Rxd8+ Kh7 38. Rb8 Nd4 39. Rxb6 Nxb3 40.
Be8 Nxe8 41. Rxb3 Nd6 42. Rb5 Nxb5 43. cxb5 c4 44. Kf1 1-0

[Event "OLNN 1718 SK Marmstorf - Johanneum Eppe"]
[Site "?"]
[Date "2017.10.08"]
[Round "1.5"]
[White "Wenzel, Birger"]
[Black "Mueller, Jan Hendrik"]
[Result "0-1"]
[WhiteElo "2156"]
[BlackElo "2097"]
[PlyCount "70"]
[EventDate "2017.??.??"]

1. e4 e6 2. d4 d5 3. Nd2 Nf6 4. e5 Nfd7 5. Bd3 c5 6. c3 Nc6 7. Ngf3 g6 8. Qe2
Bg7 9. Nf1 c4 10. Bc2 b5 11. Bg5 Qb6 12. Ne3 h6 13. Bf4 a5 14. a3 Ra7 15. b3
cxb3 16. Bxb3 Ba6 17. Qd2 Ne7 18. Bc2 Qc6 19. Bd3 Nb6 20. O-O Nc4 21. Qe2 h5
22. Bg5 Rc7 23. Bf6 O-O 24. Ng5 Nf5 25. Bxf5 Bxf6 26. Nxe6 fxe6 27. Bxg6 Nxe5
28. dxe5 Bxe5 29. Qxh5 Bxc3 30. Rac1 b4 31. Qg5 Rg7 32. Ng4 e5 33. Nxe5 Qf6 34.
Qxf6 Rxf6 35. Rfd1 Bxe5 0-1

[Event "OLNN 1718 SK Marmstorf - Johanneum Eppe"]
[Site "?"]
[Date "2017.10.08"]
[Round "1.6"]
[White "Diekmann, Jens"]
[Black "Schueler, Hendrik"]
[Result "0-1"]
[WhiteElo "2058"]
[BlackElo "2145"]
[PlyCount "100"]
[EventDate "2017.??.??"]

1. c4 Nf6 2. Nc3 c5 3. e4 Nc6 4. g3 g6 5. Bg2 Bg7 6. Nge2 O-O 7. O-O Ne8 8. d3
Nc7 9. Be3 Ne6 10. Rb1 Ned4 11. a3 a5 12. f4 d6 13. h3 e6 14. g4 Nxe2+ 15. Nxe2
Nd4 16. Nxd4 cxd4 17. Bd2 f5 18. exf5 gxf5 19. gxf5 Rxf5 20. Be4 Rf6 21. Qf3
Ra7 22. Rbe1 b6 23. Re2 Bh6 24. Rg2+ Rg7 25. Rff2 Kh8 26. Rxg7 Bxg7 27. Rg2 Qf8
28. Qh5 Rh6 29. Qg4 d5 30. cxd5 exd5 31. f5 dxe4 32. Bxh6 Bxh6 33. Qxe4 Bxf5
34. Qxd4+ Bg7 35. Qd5 Bxh3 36. Rf2 Qe8 37. Kh2 Be6 38. Qg5 Bf7 39. Kg2 Bg6 40.
Qd2 Qd8 41. Qf4 Bxd3 42. Kh3 Qe8 43. Qg4 Bb5 44. Kg2 Bd7 45. Qh4 Qg6+ 46. Kf1
Bb5+ 47. Ke1 Qb1+ 48. Kd2 Qxb2+ 49. Ke3 Qc3+ 50. Kf4 Qd4+ 0-1

[Event "OLNN 1718 SK Marmstorf - Johanneum Eppe"]
[Site "?"]
[Date "2017.10.08"]
[Round "1.7"]
[White "Ahmels, Volker"]
[Black "Peschke, Matthias"]
[Result "0-1"]
[WhiteElo "2211"]
[BlackElo "1960"]
[PlyCount "58"]
[EventDate "2017.??.??"]

1. e4 Nf6 2. e5 Nd5 3. d4 d6 4. c4 Nb6 5. exd6 cxd6 6. Nc3 g6 7. Be3 Bg7 8. Rc1
O-O 9. b3 e5 10. d5 f5 11. f3 Bd7 12. Qd2 Be8 13. h4 N8d7 14. Nb5 Nf6 15. Nxd6
Qxd6 16. c5 Qxd5 17. cxb6 Qxd2+ 18. Bxd2 axb6 19. Bb4 Rxa2 20. Ne2 Bf7 21. Bxf8
Bxf8 22. Rb1 Bb4+ 23. Kf2 Bc5+ 24. Kg3 Nh5+ 25. Kh2 Bf2 26. Nc3 Rc2 27. Nd1 Bd4
28. b4 Bd5 29. b5 Bxf3 0-1

[Event "OLNN 1718 SK Marmstorf - Johanneum Eppe"]
[Site "?"]
[Date "2017.10.08"]
[Round "1.8"]
[White "Peschke, Andres"]
[Black "Wirthgen, Peter"]
[Result "1/2-1/2"]
[WhiteElo "1949"]
[BlackElo "2090"]
[PlyCount "123"]
[EventDate "2017.??.??"]

1. Nf3 Nf6 2. g3 d5 3. Bg2 Bf5 4. d4 e6 5. O-O h6 6. b3 Be7 7. c4 c6 8. Nc3
Nbd7 9. Bb2 O-O 10. Rc1 a5 11. Nd2 Bb4 12. a3 Bxc3 13. Bxc3 b5 14. Re1 Qe7 15.
Bb2 bxc4 16. bxc4 Rab8 17. Bc3 Qxa3 18. e4 dxe4 19. h3 Qd6 20. c5 Qc7 21. Nc4
Ra8 22. Ra1 a4 23. Rxa4 Nd5 24. Bd2 N7f6 25. Qa1 Qb7 26. Na5 Qc7 27. Nc4 Qb7
28. Na5 Qd7 29. Nc4 Rxa4 30. Qxa4 Rb8 31. Nd6 Rb2 32. Nc4 Rb5 33. Nd6 Rb8 34.
Bf1 Bg6 35. Ra1 Ne8 36. Nc4 Qc7 37. Ba5 Qb7 38. Bb6 e3 39. fxe3 Nef6 40. Qa7
Ne4 41. Qxb7 Rxb7 42. Ra8+ Kh7 43. Kh2 Nec3 44. Na5 Rd7 45. Nxc6 Nxe3 46. Ba6
Be4 47. Rc8 Bxc6 48. Rxc6 Rxd4 49. Rd6 Ned5 50. Ba7 Ne4 51. Rd7 Rd2+ 52. Kg1
Rd1+ 53. Kh2 Rd2+ 54. Kg1 Rd1+ 55. Kh2 Ng5 56. c6 Rd2+ 57. Kg1 Nf3+ 58. Kf1
Nh2+ 59. Ke1 Nf3+ 60. Kf1 Nh2+ 61. Ke1 Nf3+ 62. Kf1 1/2-1/2

[Event "OLNN 1718 SF Schwerin - Schachfreunde H"]
[Site "?"]
[Date "2017.10.08"]
[Round "1.1"]
[White "Sawatzki, Frank"]
[Black "Danielsen, Henrik"]
[Result "1/2-1/2"]
[WhiteElo "2387"]
[BlackElo "2495"]
[PlyCount "141"]
[EventDate "2017.??.??"]

1. e4 d6 2. d4 Nf6 3. Nc3 e5 4. Nf3 Nbd7 5. Bc4 Be7 6. O-O O-O 7. Re1 a6 8. a4
b6 9. b3 c6 10. Bb2 Rb8 11. Bd3 Re8 12. Ne2 Qc7 13. Ng3 Bf8 14. c4 g6 15. Qc2
exd4 16. Nxd4 c5 17. Nde2 Bg7 18. Nc3 Bb7 19. Nd5 Bxd5 20. exd5 Rxe1+ 21. Rxe1
Re8 22. Bc3 Qd8 23. h3 a5 24. Re2 Rxe2 25. Nxe2 Qe7 26. Bd2 Ne8 27. Nc3 Nc7 28.
Ne4 Nf6 29. Nc3 Na6 30. Nb5 Nb4 31. Bxb4 axb4 32. Qe2 Qd7 33. Qe3 Ne8 34. g4
Kf8 35. Kg2 Nc7 36. Nxc7 Qxc7 37. f4 Bd4 38. Qe4 Qd8 39. g5 h6 40. h4 hxg5 41.
hxg5 Kg7 42. Qe2 Qh8 43. Qg4 Qe8 44. Qe2 Qc8 45. Kg3 Qd8 46. Qh2 Kg8 47. Qe2
Bc3 48. Be4 Kg7 49. Bg2 Bd4 50. Bh3 Kf8 51. Bg4 Bc3 52. Kf3 Kg8 53. Qg2 Kg7 54.
Qf1 Qe8 55. Bh3 Bd2 56. Qg1 Qh8 57. Qg4 Bc1 58. f5 Bxg5 59. fxg6 fxg6 60. Qc8
Qh5+ 61. Qg4 Qh8 62. Qc8 Bd8 63. Qd7+ Kh6 64. Qxd6 Qc3+ 65. Kg4 Bf6 66. Bg2 Be5
67. Qf8+ Kh7 68. Qf7+ Kh6 69. Qf8+ Kh7 70. Qf7+ Kh6 71. Qf8+ 1/2-1/2